000 01041nam a22003257a 4500
003 CHAP
005 20220329140702.0
008 971013s1967 r 00010 d
010 _a56034
011 _a57006
035 _a61159
040 _cCHAP
090 _aFolleto 4716y
100 0 0 _aShedd, C. K.
_9105579
245 1 _aManejo y almacenamiento de maíz suave en la granja
260 _aMéxico. D.F. A :
_bCentro Regionla de Ayuda Técnica,
_c1967
300 _a15 p. D
_b: ilus.
490 _aUSDA. farmer's bulletin, 1976
590 _aBATCH-UPD
_b10
_c20130110
_lUCH01
_h0652
590 _aBATCH-UPD
_b10
_c20130110
_lUCH01
_h2355
590 _aBATCH-UPD
_b10
_c20130410
_lUCH01
_h0337
590 _aBATCH-UPD
_b10
_c20130914
_lUCH01
_h1746
590 _aCONVERSION
_b10
_c20130109
_lUCH01
_h1330
650 1 4 _aMaíz
_xAlmacenamiento.
_970853
700 0 _aMcCalmont, J. R.
_973362
830 0 _aUSDA. farmer's bulletin, 1976
_9117058
901 _aBK
942 _cFOLL
949 _aFolleto 4716y
_bBC
_cFOLL
_d-131472
_eTS1
_i61159
_si
999 _c56034
_d56034